书目信息 |
| 题名: |
亨利·福特大传
|
|
| 作者: | 泓露·沛霖 主编 | |
| 分册: | ||
| 出版信息: | 北京 中国商业出版社 2015 |
|
| 页数: | 261页 | |
| 开本: | 24cm | |
| 丛书名: | ||
| 单 册: | ||
| 中图分类: | K837.125.38=531 , K837.125 | |
| 科图分类: | ||
| 主题词: | 企业家--传记--美国--现代 | |
| 电子资源: | ||
| ISBN: | 978-7-5044-9128-2 | |
| 000 | 00826nam0 2200241 450 | |
| 001 | 1670382224 | |
| 005 | 20160302232903.0 | |
| 010 | @a978-7-5044-9128-2@dCNY39.80 | |
| 100 | @a20160114d2015 em y0chiy50 ea | |
| 101 | 0 | @achi |
| 102 | @aCN@b110000 | |
| 105 | @ay z 000yb | |
| 106 | @ar | |
| 200 | 1 | @a亨利·福特大传@9heng li · fu te da zhuan@b专著@f泓露·沛霖主编 |
| 210 | @a北京@c中国商业出版社@d2015 | |
| 215 | @a261页@d24cm | |
| 330 | @a本书是亨利·福特的商业传记。向读者讲述福特独特的经营之道。主要包括:欧洲移民之后、一本书的影响、拆钟表的能手、神奇的蒸汽机、底特律的崛起等内容。 | |
| 600 | 0 | @a福特@c(Ford, Henry@f1863-1947)@x传记 |
| 606 | 0 | @a企业家@x传记@y美国@z现代 |
| 690 | @aK837.125.38=531@v5 | |
| 690 | @aK837.125@v4 | |
| 701 | 0 | @a泓露·沛霖@9hong lu · pei lin@4主编 |
| 905 | @aBZT@dK837.125@e12 | |
| 亨利·福特大传/泓露·沛霖主编.-北京:中国商业出版社,2015 |
| 261页;24cm |
| ISBN 978-7-5044-9128-2:CNY39.80 |
| 本书是亨利·福特的商业传记。向读者讲述福特独特的经营之道。主要包括:欧洲移民之后、一本书的影响、拆钟表的能手、神奇的蒸汽机、底特律的崛起等内容。 |
| ● |
| 相关链接 |
|
|
|
正题名:亨利·福特大传
索取号:K837.125/12
 
预约/预借
| 序号 | 登录号 | 条形码 | 馆藏地/架位号 | 状态 | 备注 |
| 1 | 808621 | 2000808621 | 第二书库/ [索取号:K837.125/12] | 在馆 | |
| 2 | 808622 | 2000808622 | 第二书库/ [索取号:K837.125/12] | 在馆 | |
| 3 | 808623 | 2000808623 | 第二书库/ [索取号:K837.125/12] | 在馆 |